Państwa Europy których obecne stolice nie były ich w 1400r. - Statystyki

Ogólne statystyki
  • Ten quiz został rozwiązany 11 razy
  • Średni wynik to 12 z 17
Statystyki odpowiedzi
Państwo Państwo % Poprawnych
Niderlandy Burgundzkie Belgia
100%
Wielkie Księstwo Litewskie Białoruś
88%
Imperium Osmańskie Bułgaria
88%
Królestwo Węgier Słowacja
88%
Państwo Kościelne Włochy
88%
Królestwo Węgier Chorwacja
75%
Królestwo Anglii Irlandia
75%
Ziemia Maryjna Łotwa
75%
Niderlandy Burgundzkie Luksemburg
75%
Królestwo Węgier/Mordwini Serbia
75%
Wielkie Księstwo Litewskie Ukraina
75%
Królestwo Sycylii Malta
63%
Księstwo Austriackie Słowenia
63%
Ziemia Maryjna Estonia
50%
Imperium Osmańskie Macedonia
38%
Święte Cesarstwo Rzymskie Liechtenstein
25%
Święte Cesarstwo Rzymskie Monako
25%
Nie znaleziono quizów pasujących do podanych kryteriów
Rozkład punktacji
Procent ludzi z każdym wynikiem
Percentyl według liczby udzielonych odpowiedzi
Twoja historia wyników
Nie rozwiązałeś tego quizu